000
00242nam a2200109Ia 4500
008
190216s9999||||xx |||||||||||||| ||und||
100
_a
Pushpa Raghu
245
0
_a
Hindi-Ek Thi Darthi
260
_b
Aapuram Pub
650
_a
Hindi
942
_c
BK
999
_c
15560
_d
15560